书目信息 |
| 题名: |
汽车材料及轻量化趋势
|
|
| 作者: | 韩维建 主编 ;张瑞杰 , 郑江 编著 | |
| 分册: | ||
| 出版信息: | 北京 机械工业出版社 2017.01 |
|
| 页数: | 262页 | |
| 开本: | 25cm | |
| 丛书名: | 汽车工程专业系列丛书 | |
| 单 册: | ||
| 中图分类: | U465 | |
| 科图分类: | ||
| 主题词: | 汽车--工程材料--研究 , 汽车轻量化--研究 | |
| 电子资源: | ||
| ISBN: | 978-7-111-55937-5 | |
| 000 | 01192oam2 2200277 450 | |
| 001 | 1410 | |
| 005 | 20180928100228.95 | |
| 010 | @a978-7-111-55937-5@dCNY50.00 | |
| 100 | @a20170427d2017 em y0chiy50 ea | |
| 101 | 0 | @achi |
| 102 | @aCN@b110000 | |
| 105 | @aa z 000yy | |
| 200 | 1 | @a汽车材料及轻量化趋势@9qi che cai liao ji qing liang hua qu shi@f韩维建主编@g韩维建,张瑞杰,郑江等编著 |
| 210 | @a北京@c机械工业出版社@d2017.01 | |
| 215 | @a262页@c图@d25cm | |
| 225 | 1 | @a汽车工程专业系列丛书 |
| 330 | @a本书第1章回顾了汽车用材料的组成与演变,以及汽车轻量化发展趋势,强调要系统地研发和推进轻量化。第2-6章覆盖了常用轻量化材料在汽车中的应用,包括高强钢、铝合金、镁合金、塑料和复合材料。由于这些材料必须连接在一起,因此各种连接技术是保证汽车结构整体性的关键。第7章介绍了多种用于汽车轻量化设计的连接技术。第8章讨论了优化设计技术在汽车轻量化中的应用。 | |
| 461 | 0 | @12001 @a汽车工程专业系列丛书 |
| 606 | 0 | @a汽车@x工程材料@x研究 |
| 606 | 0 | @a汽车轻量化@x研究 |
| 690 | @aU465@v5 | |
| 701 | 0 | @a韩维建@9han wei jian@f(1957-)@4主编@4编著 |
| 702 | 0 | @a张瑞杰@9zhang rui jie@4编著 |
| 702 | 0 | @a郑江@9zheng jiang@4编著 |
| 801 | 0 | @aCN@b91MARC@c20170427 |
| 905 | @aMuseLib@dU465@e737 | |
| 汽车材料及轻量化趋势/韩维建主编/韩维建,张瑞杰,郑江等编著.-北京:机械工业出版社,2017.01 |
| 262页:图;25cm.-(汽车工程专业系列丛书) |
| ISBN 978-7-111-55937-5:CNY50.00 |
| 本书第1章回顾了汽车用材料的组成与演变,以及汽车轻量化发展趋势,强调要系统地研发和推进轻量化。第2-6章覆盖了常用轻量化材料在汽车中的应用,包括高强钢、铝合金、镁合金、塑料和复合材料。由于这些材料必须连接在一起,因此各种连接技术是保证汽车结构整体性的关键。第7章介绍了多种用于汽车轻量化设计的连接技术。第8章讨论了优化设计技术在汽车轻量化中的应用。 |
| ● |
| 相关链接 |
|
|
|
|
正题名:汽车材料及轻量化趋势
索取号:U465/737
 
预约/预借
| 序号 | 登录号 | 条形码 | 馆藏地/架位号 | 状态 | 备注 |
| 1 | 1122541 | 211225413 | 第二样本阅览室/ [索取号:U465/737] | 在馆 | |
| 2 | 1122542 | 211225422 | 密集书库-物理学院/ [索取号:U465/737] | 在馆 | |
| 3 | 1122543 | 211225431 | 第三借阅区/ [索取号:U465/737] | 在馆 | |
| 4 | 1122544 | 211225440 | 第三借阅区/ [索取号:U465/737] | 在馆 | |
| 5 | 1122545 | 211225459 | 第三借阅区/ [索取号:U465/737] | 在馆 |